Οι ταχυδρομικές υπηρεσίες : απελευθέρωση-ανταγωνισμός

Saved in:
Bibliographic Details
Corporate Authors: Πανεπιστήμιο Αιγαίου Σχολή Επιστημών της Διοίκησης Τμήμα Ναυτιλίας και Επιχειρηματικών Υπηρεσιών - Τ.Ν.Ε.Υ, Ελληνικά Ταχυδρομεία
Format: Book
Language:Greek
Published: Αθήνα ; Θεσσαλονίκη : Σάκκουλας, c2006.
Subjects:
Tags: Add Tag
No Tags, Be the first to tag this record!

MARC

LEADER 00000cam a2200000 i 4500
001 1/38823
008 061205s2006 gr | ||| |||| ||gre||
020 |a 9604450905 
035 |l 10086436 
040 |a GR-MY-UA  |b gre  |e aacr 
041 0 |a gre 
082 0 |a 383.49495  |2 (22) 
110 2 |a Πανεπιστήμιο Αιγαίου  |b Σχολή Επιστημών της Διοίκησης  |b Τμήμα Ναυτιλίας και Επιχειρηματικών Υπηρεσιών - Τ.Ν.Ε.Υ. 
245 1 3 |a Οι ταχυδρομικές υπηρεσίες :   |b απελευθέρωση-ανταγωνισμός /   |c Πανεπιστήμιο Αιγαίου, Τμήμα Ναυτιλίας και Επιχειρηματικών Υπηρεσιών, ΕΛΤΑ. 
260 |a Αθήνα ; Θεσσαλονίκη :   |b Σάκκουλας,   |c c2006. 
300 |a 297 σ. ;   |c 24 εκ. 
504 |a Περιλαμβάνει βιβλιογραφικές παραπομπές. 
650 0 0 |a Postal service  |z Greece. 
710 2 |a Ελληνικά Ταχυδρομεία. 
852 |a INST  |b CHIOS  |e 20070119  |h 383.49495 ΠΑΝ  |p 005200026237  |q 005200026237  |t BK  |y 0 
852 |a INST  |b CHIOS  |e 20061205  |h 383.49495 ΠΑΝ  |p 005200026238  |q 005200026238  |t BK  |y 0 
901 |a BIBL2-2006-3 
901 |a BIBL2-2007-1 
909 |a Χ  |b 120204 
909 |a Χ  |b 120203 
920 |a ΤΟΥΝΤΟΠΟΥΛΟΣ  |b ΒΑΣΙΛΕΙΟΣ  |y Χίος  |z 2006-09 
970 |a ΒΑΣΙΛΑΚΗ  |b ΝΙΚΗ  |z 2006/12/05